Countries with embassies and consulates in Botswana - Statistics

General Stats
  • This quiz has been taken 52 times
  • The average score is 19 of 22
Answer Stats
Continent Country % Correct
Europe United Kingdom
100%
North America United States of America
98%
Europe Germany
96%
Africa South Africa
96%
Africa Zimbabwe
96%
Africa Namibia
94%
Africa Zambia
94%
Europe France
92%
Asia/ Europe Russia
92%
Africa Angola
90%
South America Brazil
90%
Asia China
90%
Asia/ Europe Turkey
90%
Asia Japan
85%
Africa Nigeria
77%
North America Cuba
75%
Asia India
75%
Africa Mozambique
75%
Europe Switzerland
73%
Europe Denmark
71%
Africa Kenya
71%
Europe Greece
67%
No matching quizzes found
Score Distribution
Percent of People with Each Score
Percentile by Number Answered
Your Score History
You have not taken this quiz